TOP 50 rappeurs Français de l'Histoire - Statistiques

Statistiques générales
  • Ce quiz a été pris 485 fois
    402 depuis la dernière actualisation
  • Le résultat moyen est 19 sur 80
Statistiques - réponses
Rappeur % Correct
Jul
87%
Booba
83%
Ninho
82%
SCH
69%
Kaaris
68%
GIMS
65%
Niska
65%
Damso
63%
Nekfeu
57%
Orelsan
48%
La Fouine
47%
Alonzo
41%
Vald
41%
Koba LaD
38%
Rohff
38%
Lacrim
37%
Rimk
37%
Soprano
37%
Akhenaton
35%
Diams
35%
Freeze Corleone
34%
Alpha Wann
32%
MC Solaar
32%
Joeystarr
31%
Kalash Criminel
30%
Ademo
28%
Niro
28%
Gradur
27%
NOS
27%
Sofiane
27%
Kery James
24%
Kool Shen
24%
Oxmo Puccino
24%
Dinos
23%
Shurik'n
23%
Guizmo
21%
Le Rat Lucciano
20%
Youssoupha
20%
Lino
19%
Lomepal
19%
Ali
18%
Doc Gynéco
17%
Laylow
17%
Medine
17%
Disiz
15%
Hugo TSR
15%
Sinik
14%
Tunisiano
13%
Mac Tyer
12%
Salif
12%
Seth Gueko
12%
Sefyu
11%
Passi
9%
Aketo
8%
Alpha 5.20
8%
Keny Arkana
8%
LIM
8%
Nessbeal
8%
AP
7%
Benash
7%
Dany Dan
7%
Busta Flex
6%
Calbo
6%
Despo Rutti
6%
Don Choa
5%
Freeman
5%
Ol Kainry
5%
Demon One
4%
Dry
4%
Mac Kregor
4%
Stomy Bugsy
4%
Alibi Montana
2%
Haroun
2%
Pit Baccardi
2%
Rockin' Squat
2%
Cassidy
1%
Hi-Fi
1%
Hill G
1%
Zesau
1%
Sat l'articifier
0%
Aucun quiz correspondant
Distribution des résultats
% des personnes avec chaque résultat
Percentile par nombre de réponses
Votre historique - résultats
Vous n’avez pas pris ce quiz depuis la dernière actualisation